| 000 | 01377cam a22003737a 4500 | ||
|---|---|---|---|
| 001 | 000064833 | ||
| 003 | CHAP | ||
| 005 | 20220329141143.0 | ||
| 008 | 971010s1973 r 00010 d | ||
| 010 | _a63515 | ||
| 011 | _a64487 | ||
| 035 | _a69842 | ||
| 040 | _cCHAP | ||
| 082 |
_a631.7 _bP3 |
||
| 100 | 0 | 0 |
_aPalerm, Angel. _984917 |
| 245 | 1 | 0 | _aObras hidráulicas prehispánicas en el sistema lacustre del Valle de México. |
| 260 |
_aMéxico, D. F. : _bInstituto Nacional de Antropología e Historia, _c1973. |
||
| 300 |
_a244 p. : _b: mapas. |
||
| 590 |
_aBATCH-UPD _b10 _c20130110 _lUCH01 _h0606 |
||
| 590 |
_aBATCH-UPD _b10 _c20130410 _lUCH01 _h0248 |
||
| 590 |
_aBATCH-UPD _b10 _c20130914 _lUCH01 _h1649 |
||
| 590 |
_aCONVERSION _b10 _c20130109 _lUCH01 _h1334 |
||
| 590 |
_aE5995AHE _b05 _c20150325 _lUCH01 _h0859 |
||
| 650 | 1 | 4 |
_aIrrigación _xHistoria. _960416 |
| 650 | 1 | 4 |
_aIrrigación _xValle de México. _960493 |
| 710 | 0 |
_aInstituto Nacional de Antropología e Historia. México. _959286 |
|
| 901 | _aBK | ||
| 942 | _cLIBRO | ||
| 942 | _n0 | ||
| 949 |
_a631.7 P3 _bBC _cLIBRO _d33724000167672 _eLIBRO _fc.2 _h65067 _i69842 _si _t40.00 |
||
| 949 |
_a631.7 P3 _bBC _cLIBRO _d33724000167680 _eLIBRO _fc.3 _h65068 _i69842 _si _t40.00 |
||
| 949 |
_a631.7 P3 _bBC _cLIBRO _d33724000169413 _eLIBRO _h33780 _i69842 _si _t40.00 |
||
| 949 |
_a631.7 P3 _bCRUAN _cLIBRO _d-2073 _eLIBRO _h241 _i69842 _si |
||
| 999 |
_c63515 _d63515 |
||